Golden Globe Nominations (2009) Quiz Stats

 Plays Quiz Updated Jul 29, 2014

Score 0/60 Timer 09:00
0 Plays Today
% Correct
Up
80%
Avatar
74.7%
'I See You,' Avatar
74.7%
Jason Reitman & Sheldon Turner, Up in the Air
60.1%
Meryl Streep, It's Complicated
59.9%
Meryl Streep, Julie & Julia
59.9%
Up in the Air
59.8%
James Cameron, Avatar
58.3%
George Clooney, Up in the Air
57.4%
Sandra Bullock, The Blind Side
48.3%
Sandra Bullock, The Proposal
48.3%
The Hurt Locker
46.6%
Nine
46.5%
Mark Boal, The Hurt Locker
46.5%
'Cinema Italiano,' Nine
46.5%
The Hangover
43.8%
Julie & Julia
41%
Nancy Meyers, It's Complicated
40.5%
It's Complicated
40.5%
Precious
38.5%
Matt Damon, The Informant!
35.8%
Matt Damon, Invictus
35.8%
Quentin Tarantino, Inglourious Basterds
33.3%
Mo'nique, Precious
31.8%
Morgan Freeman, Invictus
31.4%
Jeff Bridges, Crazy Heart
29.7%
Inglourious Basterds
29.6%
Quentin Tarantino, Inglourious Basterds
29.4%
Penelope Cruz, Nine
27.9%
Daniel Day-Lewis, Nine
26.2%
% Correct
Jason Reitman, Up in the Air
25.4%
Kathryn Bigelow, The Hurt Locker
25.3%
The Princess and the Frog
25.2%
Robert Downey Jr., Sherlock Holmes
24.6%
Fantastic Mr. Fox
23.1%
'The Weary Kind,' Crazy Heart
22.4%
Anna Kendrick, Up in the Air
22.2%
Christoph Waltz, Inglourious Basterds
21.6%
Cloudy With A Chance Of Meatballs
21.3%
Colin Firth, A Single Man
20.5%
(500) Days of Summer
20.3%
Clint Eastwood, Invictus
20.3%
Vera Farmiga, Up in the Air
20.2%
Coraline
18.7%
Gabourey Sidibe, Precious
17.8%
Helen Mirren, The Last Station
17.2%
Marion Cotillard, Nine
16.1%
Julia Roberts, Duplicity
15.8%
Carey Mulligan, An Education
15%
Stanley Tucci, The Lovely Bones
14.3%
Neill Blomkamp & Terri Tatchell, District 9
13.8%
Julianne Moore, A Single Man
13.1%
Joseph Gordon-Levitt, (500) Days of Summer
12.4%
Emily Blunt, The Young Victoria
12.3%
Christopher Plummer, The Last Station
10.8%
Tobey Maguire, Brothers
10.4%
Woody Harrelson, The Messenger
10.3%
'Winter,' Brothers
9%
Michael Stuhlbarg, A Serious Man
5.9%
'I Want To Come Home,' Everybody's Fine
4.6%

You're not logged in!

Compare scores with friends on all Sporcle quizzes.
OR
Log In

Sporcle TV

Today on Sporcle TV


Watch our educational content, quiz creation guides, and fun videos on Sporcle TV.

Show Comments

Extras

Top Quizzes Today


Score Distribution

Your Account Isn't Verified!

In order to create a playlist on Sporcle, you need to verify the email address you used during registration. Go to your Sporcle Settings to finish the process.

Report this User

Report this user for behavior that violates our Community Guidelines.

Details: